| 000 | 01123nam a2200241 i 4500 | ||
|---|---|---|---|
| 001 | 187490 | ||
| 003 | ES-MaACL | ||
| 005 | 20250728191644.0 | ||
| 008 | 170828s1827 sp |||| | spa d | ||
| 100 | 1 |
_aLeonardo da Vinci, _d1452-1519 _971671 |
|
| 245 | 1 | 3 |
_aEl tratado de la pintura / _cpor Leonardo da Vinci ; y los tres libros que sobre el mismo arte escribió León Bautista Alberti ; traducidos e ilustrados con algunas notas por Diego Antonio Rejon de Silva. |
| 260 |
_aReimpreso en Madrid : _ben la Imprenta Real, _c1827. |
||
| 300 |
_a[16], XVIII, 3-266 p., [40] h. de grab. ; _c29 cm. |
||
| 530 | _aDisponible en formato digital. | ||
| 599 | _aLas h. de grab. calcográficos. | ||
| 650 | 4 |
_aPintura- _vObras anteriores a 1800. _9141201 |
|
| 650 | 4 |
_aPerspectiva- _vObras anteriores a 1800. _9163548 |
|
| 700 | 1 |
_aAlberti, Leon Battista, _d1404-1472 _9154591 |
|
| 700 | 1 |
_aRejón de Silva, Diego Antonio, _d1740-1796 _9163549 |
|
| 852 |
_aES-MaACL _jR-2706 _xOlim:G-8648 |
||
| 856 |
_uhttp://bdh-rd.bne.es/viewer.vm?id=0000201888&page=1 _jBiblioteca Digital Hispánica |
||
| 999 |
_c187490 _d187490 |
||